All BMW Models - Statistics

General Stats
  • This quiz has been taken 207 times
  • The average score is 19 of 24
Answer Stats
Model Answer % Correct
SUV X2
97%
SUV X5
97%
SUV X6
97%
SUV X7
97%
SUV X1
96%
SUV X3
96%
SUV X4
96%
Electric i3
81%
Electric i4
76%
Car 1 Series
75%
Car 2 Series
75%
Car 3 Series
75%
Car 4 Series
75%
Car 5 Series
75%
Electric i5
75%
Car 7 Series
73%
Car 8 Series
72%
Electric i7
72%
Roadster Z4
72%
Electric iX
70%
SUV XM
64%
Electric iX3
53%
Electric iX2
48%
Electric iX1
47%
No matching quizzes found
Score Distribution
Percent of People with Each Score
Percentile by Number Answered
Your Score History
You have not taken this quiz